Szczegóły MARC21

Der deutsche Roman im 20. Jahrhundert : Analysen und Materialien zur Theorie und Soziologie des Romans. Bd. 2 /

003 -Nazwa inst., której nr kontr. jest w polu 001 [,]
    • @
    • Nazwa instytucji, której n kontrolny jest w polu 001
    • NUKAT
005 -DATA I CZAS OSTATNIEJ MODYFIKACJI [,]
    • @
    • pole kontrolne
    • 20241231093143.0
020 -Międzynarod. znormalizowany nr książki - ISBN [ , ]
    • a
    • Numer ISBN
    • 3766143085 Find
040 -Instytucja sporządzająca opis [ , ]
    • a
    • Instytucja, która sporządziła opis (NP)
    • OLSZT 003/bak
    • c
    • Instytucja, która sporządziła rekord (NP)
    • OLSZT 003/baks
942 -Rodzaj dokumentu [ , ]
    • c
    • Rodzaj dokumentu
    • Książka
245 -Strefa tytułu i oznaczenia odpowiedzialności [0,4]
    • a
    • Tytuł
    • Der deutsche Roman im 20. Jahrhundert : Find
    • b
    • Ciąg dalszy tytułu (NP)
    • Analysen und Materialien zur Theorie und Soziologie des Romans. Find
    • n
    • Oznaczenie części (P)
    • Bd. 2 /
    • c
    • Pozostałe elementy strefy tytułu i oznaczenia odpowiedzialności (NP)
    • hrsg. von Manfred Brauneck.
246 -Wariant tytułu [3,0]
    • a
    • Tytuł (NP)
    • Deutsche Roman im zwanzigsten Jahrhundert
260 -Strefa adresu wydawniczego [ , ]
    • a
    • Miejsce wydania (P)
    • Bamberg :
    • b
    • Nazwa wydawcy (P)
    • C. C. Buchners Verlag,
    • c
    • Data wydania (P)
    • 1976.
300 -Strefa opisu fizycznego [ , ]
    • a
    • Określenie formy książki i/lub objętość (NP)
    • 446, [2] s. ;
    • c
    • Format (NP)
    • 23 cm.
336 -Typ zawartości [ , ]
    • a
    • Termin opisujący typ zawartości
    • Tekst
    • b
    • Kod określający zawartość
    • txt
    • 2
    • Źródło (terminu i kodu)
    • rdacontent
337 -Typ mediów [ , ]
    • a
    • Tryb odtwarzania
    • Bez urządzenia pośredniczącego
    • b
    • Kod typu mediów
    • n
    • 2
    • Źródło (terminu i kodu)
    • rdamedia
338 -Typ/rodzaj nośnika [ , ]
    • a
    • Hasło opisujące typ nośnika
    • Wolumin
    • b
    • Kod typu nośnika
    • nc
    • 2
    • Źródło (terminu i kodu)
    • rdacarrier
504 -Uwaga dot. bibliogr. załącznikowej [ , ]
    • a
    • Uwaga dot. bibliografii załącznikowej
    • Bibliogr. s. 438-445.
080 -Uniwersalna Klasyfikacja Dziesiętna [ , ]
    • a
    • Symbol klasyfikacji
    • 830(091)-31"19"(082.1)=30
080 -Uniwersalna Klasyfikacja Dziesiętna [ , ]
    • a
    • Symbol klasyfikacji
    • +830-4(082.2)=30
080 -Uniwersalna Klasyfikacja Dziesiętna [ , ]
    • a
    • Symbol klasyfikacji
    • :82.0-31=30
650 -Hasło przedmiotowe [ ,7]
    • a
    • Hasło przedmiotowe
    • Powieść niemiecka
    • y
    • Określnik chronologiczny
    • 20 w.
    • x
    • Określnik rzeczowy
    • historia i krytyka.
    • 2
    • Źródło terminu
    • kaba
    • 9
    • KHW
    • 448976
650 -Hasło przedmiotowe [ ,7]
    • a
    • Hasło przedmiotowe
    • Powieść niemiecka
    • y
    • Określnik chronologiczny
    • 20 w.
    • x
    • Określnik rzeczowy
    • historia i krytyka
    • x
    • Określnik rzeczowy
    • teoria.
    • 2
    • Źródło terminu
    • kaba
    • 9
    • KHW
    • 448619
650 -Hasło przedmiotowe [ ,7]
    • a
    • Hasło przedmiotowe
    • Literatura
    • x
    • Określnik rzeczowy
    • aspekt społeczny
    • z
    • Określnik geograficzny
    • Niemcy
    • y
    • Określnik chronologiczny
    • 20 w.
    • 2
    • Źródło terminu
    • kaba
    • 9
    • KHW
    • 648439
980 -Symbol UKD [ , ]
    • a
    • UKD
    • 830(091)-31"19"(082.1)=30+830-4(082.2)=30:82.0-31=30
700 -Hasło dodatkowe - nazwa osobowa [1, ]
    • a
    • Nazwa osobowa (NP)
    • Brauneck, Manfred Find
    • d
    • Daty biograficzne (NP)
    • (1934- ).
    • e
    • Określenie rodzaju współpracy
    • Red.
    • 9
    • KHW
    • 415483
920 -ISBN [ , ]
    • a
    • ISBN
    • 3-7661-4308-5 Find
Sygnatura Lokalizacja Data inwentaryzacji Numer inwentarzowy Status udost.
GERM. Powieść 03BM2000-03-29G.37841